000 00961nam a22003017a 4500
003 CHAP
005 20220329134117.0
008 971013s1952 r 00010 d
010 _a15524
011 _a16496
035 _a20576
040 _cCHAP
082 _a581.6
_bH55 1952
100 0 0 _aHill, Albert Frederick.
_955409
245 _aEconomic botany; a textbook of useful plants and plant products
250 _a2 ed.
260 _aNew York :
_bMcGraw-Hill,
_c1952
300 _a560 p.
_b: ilus.
590 _aBATCH-UPD
_b10
_c20130110
_lUCH01
_h1841
590 _aBATCH-UPD
_b10
_c20130410
_lUCH01
_h1211
590 _aBATCH-UPD
_b10
_c20130914
_lUCH01
_h0739
590 _aCONVERSION
_b10
_c20130109
_lUCH01
_h1310
650 1 4 _aBotánica económica.
_914655
901 _aBK
942 _cLIBRO
949 _a581.6 H55 1952
_bBC
_cLIBRO
_d-47920
_eLIBRO
_h50042
_i20576
_sm
949 _a581.6 H55 1952
_bBC
_cLIBRO
_d33724000636064
_eLIBRO
_fc.2
_h50043
_i20576
_si
999 _c15524
_d15524